[Event "3rd HD Bank Cup 2013"]
[Site "Ho Chi Minh City VIE"]
[Date "2013.03.24"]
[Round "9.8"]
[White "Yu Yangyi"]
[Black "Lu Yijie"]
[Result "1/2-1/2"]
[WhiteElo "2696"]
[BlackElo "2400"]

1.e4 c5 2.Nf3 d6 3.d4 cxd4 4.Nxd4 Nf6 5.Nc3 a6 6.Be3 e6 7.Be2 Qc7 8.Qd2 b5
9.a3 Bb7 10.f3 Nc6 11.g4 h6 12.h4 Be7 13.Nxc6 Qxc6 14.O-O-O O-O-O 15.g5 hxg5
16.hxg5 Nd7 17.Qd4 Qc5 18.Qd2 Qc6 19.Kb1 Ne5 20.Qd4 Qc5 21.Qd2 Nc4 22.Bxc4 Qxc4
23.b3 Qc7 24.Bd4 f6 25.Qe3 Qc6 26.g6 Kb8 27.Rh7 Rhg8 28.a4 Rc8 29.Rd2 Bd8
30.axb5 axb5 31.Kb2 Ba5 32.Rdh2 e5 33.Ba7+ Ka8 34.b4 Bd8 35.Rh8 Bb6 36.Bxb6 Rxh8
37.Nd5 Ba6 38.Rd2 Qb7 39.Qa3 Kb8 40.Be3 Rc6 41.f4 Qa8 42.fxe5 fxe5 43.Ne7 Rc4
44.Qa5 Bb7 45.Rxd6 Qxa5 46.bxa5 Bxe4 47.a6 Rxc2+ 48.Kb3 Rc7 49.Nd5 Bxd5+
50.Rxd5 Re8 51.Kb4 Ka8 52.Bb6 Rce7 53.Bc5 Rc7 54.Bb6 Rce7 55.Bc5 Rc7 56.Bb6 Rce7  1/2-1/2

[Event "30th Ciocaltea Mem 2013"]
[Site "Bucharest ROU"]
[Date "2013.03.25"]
[Round "11.3"]
[White "Castellanos Rodriguez,R"]
[Black "Hajbok,R"]
[Result "0-1"]
[WhiteElo "2529"]
[BlackElo "2339"]

1.e4 c5 2.Nf3 d6 3.d4 cxd4 4.Nxd4 Nf6 5.Nc3 a6 6.Be3 e5 7.Nb3 Be6 8.h3 h5
9.f4 exf4 10.Bxf4 Nc6 11.Qe2 Nd7 12.O-O-O Nde5 13.Qe3 g6 14.Be2 Bg7 15.Rd2 Qc7
16.Rhd1 Rd8 17.Kb1 Rd7 18.a3 O-O 19.g4 h4 20.Qf2 b5 21.Qxh4 b4 22.Nd5 Bxd5
23.exd5 Na5 24.axb4 Nxb3 25.cxb3 Qb6 26.Qg3 Qxb4 27.Rd4 Qb6 28.Ra4 a5 29.Rc1 Rb8
30.Rc3 Rc7 31.Rxc7 Qxc7 32.Bd2 Nd7 33.Bxa5 Qc5 34.Ka2 Qc2  0-1

[Event "ch-Moscow 2013"]
[Site "Moscow RUS"]
[Date "2013.03.25"]
[Round "4.11"]
[White "Vavulin,M"]
[Black "Antipov,M2"]
[Result "1/2-1/2"]
[WhiteElo "2293"]
[BlackElo "2473"]

1.e4 c5 2.Nf3 d6 3.d4 cxd4 4.Nxd4 Nf6 5.Nc3 a6 6.Be3 e5 7.Nb3 Be6 8.f4 exf4
9.Bxf4 Nc6 10.Qd2 Be7 11.O-O-O Ne5 12.Nd4 Qc8 13.h3 O-O 14.g4 g6 15.Qh2 Qc5
16.Be2 Nc6 17.Be3 Nxd4 18.Bxd4 Qa5 19.e5 dxe5 20.Qxe5 Qxe5 21.Bxe5 b5 22.Bf3 Rad8
23.a3 Nd7 24.Bf4 Bf6 25.Nd5 Be5 26.Be3 Rfe8 27.Nb4 Nb8 28.Nd3 Bd4 29.Bxd4 Rxd4
30.Nc5 Rf4 31.Bb7 Bc8 32.Bd5 Nd7 33.Bc6 Rc4 34.Bxd7 Re2 35.Bxc8 Rcxc2+ 36.Kb1 Rxb2+
37.Ka1 Ra2+ 38.Kb1 Reb2+ 39.Kc1 Rc2+ 40.Kb1 Rab2+ 41.Ka1  1/2-1/2

[Event "AICF KIIT Cup 2013"]
[Site "Bhubaneswar IND"]
[Date "2013.03.26"]
[Round "11"]
[White "Swathi,G"]
[Black "Kiran,M"]
[Result "1/2-1/2"]
[WhiteElo "2246"]
[BlackElo "2205"]

1.e4 c5 2.Nf3 d6 3.d4 cxd4 4.Nxd4 Nf6 5.Nc3 a6 6.Be3 Ng4 7.Bc1 Nf6 8.Be3 Ng4
9.Bc1 Nf6 10.Be3 Ng4 11.Bc1 Nf6 12.Be3 Ng4 13.Qxg4  1/2-1/2

[Event "6th Guzinskiego Mem"]
[Site "Lazy POL"]
[Date "2013.03.28"]
[Round "2.2"]
[White "Nowicki,B"]
[Black "Smal,Tobiasz"]
[Result "0-1"]
[WhiteElo "2173"]
[BlackElo "1854"]

1.e4 c5 2.Nf3 d6 3.d4 cxd4 4.Nxd4 Nf6 5.Nc3 a6 6.Be3 e5 7.Nb3 Be6 8.f3 Nc6
9.Qd2 d5 10.exd5 Nxd5 11.Nxd5 Qxd5 12.Qxd5 Bxd5 13.c4 Be6 14.O-O-O Rc8 15.Kb1 Nb4
16.a3 Bf5+ 17.Kc1 Bc2 18.axb4 Bxb3 19.Rd5 Bxc4 20.Rxe5+ Be6+ 21.Bc5 Bd6 22.Re1 b6
23.Bxa6 Rc7 24.Bb5+ Ke7 25.f4 g6 26.g4 Kf6 27.f5 gxf5 28.gxf5 Bd5 29.Rd1 Bf4+
30.Kb1 Be4+ 31.Ka2 bxc5  0-1

[Event "VII New Open"]
[Site "Lugano SUI"]
[Date "2013.03.29"]
[Round "1.10"]
[White "Giacometto,M"]
[Black "Vucicevic,Mo"]
[Result "0-1"]
[WhiteElo "2008"]
[BlackElo "2313"]

1.e4 c5 2.Nf3 d6 3.d4 cxd4 4.Nxd4 Nf6 5.Nc3 a6 6.Be3 e5 7.Nb3 Be6 8.f3 h5
9.Qd2 Nbd7 10.h3 Rc8 11.g3 Be7 12.Rh2 Nb6 13.g4 d5 14.g5 d4 15.gxf6 Bxf6
16.Bg1 dxc3 17.Qxd8+ Bxd8 18.O-O-O Na4 19.Rxd8+ Rxd8 20.bxc3 Nxc3 21.Kb2 Rd1
22.Nd2 Na4+ 23.Ka3 b5 24.Be3 O-O 25.c4 Rd8 26.cxb5 axb5 27.Bxb5 Nc3  0-1

[Event "17th Neckar Open"]
[Site "Deizisau GER"]
[Date "2013.03.30"]
[Round "4.5"]
[White "Solodovnichenko,Y"]
[Black "Kleijn,C"]
[Result "1-0"]
[WhiteElo "2559"]
[BlackElo "2430"]

1.e4 c5 2.Nf3 d6 3.d4 cxd4 4.Nxd4 Nf6 5.Nc3 a6 6.Be3 e5 7.Nb3 Be7 8.f3 Be6
9.Qd2 Nbd7 10.O-O-O b5 11.g4 O-O 12.g5 b4 13.Ne2 Ne8 14.f4 exf4 15.Bxf4 Nc5
16.Qe3 Nxb3+ 17.axb3 a5 18.Nd4 a4 19.bxa4 Rxa4 20.Bb5 Ra2 21.Nc6 Qc7 22.Kb1 Qb7
23.b3 Ra8 24.Nxe7+ Qxe7 25.Qd4 Qb7 26.Bxe8 Rfxe8 27.Bc1 Ra5 28.Qxd6 Qxe4
29.Rhe1 Qf5 30.Bb2 Rc5 31.Re2 Qxg5 32.Qd4 f6 33.Rg1 Qf5 34.Rf2 Rd5 35.Qh4 Qh5
36.Rxg7+ Kh8 37.Qxh5 Rxh5 38.Bxf6  1-0

[Event "LVIII ch-Catarinense 2013"]
[Site "Florianopolis BRA"]
[Date "2013.03.30"]
[Round "4.11"]
[White "Aguiar,Djalma"]
[Black "Zimmermann,Kleber Renato P."]
[Result "1-0"]
[WhiteElo "1972"]
[BlackElo "1990"]

1.e4 c5 2.Nf3 d6 3.d4 cxd4 4.Nxd4 Nf6 5.Nc3 a6 6.Be3 e5 7.Nb3 Be6 8.h3 Be7
9.g4 d5 10.g5 Nxe4 11.Nxe4 dxe4 12.Qxd8+ Bxd8 13.Nc5 Ba5+ 14.c3 Bd5 15.O-O-O Bc6
16.Bg2 Bb6 17.Nxe4 Bxe3+ 18.fxe3 Ke7 19.Rd2 Nd7 20.Ng3 Bxg2 21.Nf5+ Kf8 22.Rxg2 g6
23.Rd1 Nc5 24.Nh6 Ke7 25.Rd5 Ne6 26.Rxe5 f6 27.gxf6+ Kxf6 28.Rd5 Rad8 29.Rf2+ Kg7
30.Re5 Kxh6 31.Rxe6 Rd7 32.c4 Rhd8 33.b4 Rd1+ 34.Kc2 Ra1 35.Kb3 Rd7 36.c5 Rh1
37.Rf3 Rb1+ 38.Kc3 Rc1+ 39.Kb2 Rc4 40.Kb3 Rc1 41.e4 Rb1+ 42.Ka3 Ra1 43.Kb2 Re1
44.a3 Re2+ 45.Kb3 Red2 46.Kc3 Ra2 47.Kb3 Rad2 48.Ka4 R2d3 49.Rxd3 Rxd3 50.Re7 Rxh3
51.Rxb7 g5 52.c6 Rc3 53.c7 g4 54.b5 axb5+ 55.Kxb5 Kg5 56.Kb4 Rc1 57.Rb5+  1-0

[Event "IX Lubuska Wiosna Op"]
[Site "Gorzow POL"]
[Date "2013.03.30"]
[Round "7"]
[White "Aliavdin,N"]
[Black "Reza,W"]
[Result "0-1"]
[WhiteElo "2349"]
[BlackElo "2107"]

1.e4 c5 2.Nf3 d6 3.d4 cxd4 4.Nxd4 Nf6 5.Nc3 a6 6.Be3 e6 7.Be2 Nc6 8.g4 h6
9.Rg1 d5 10.exd5 exd5 11.a3 Bd6 12.h4 Bh2 13.Rg2 Be5 14.Qd2 Ne4 15.Nxe4 dxe4
16.O-O-O Qc7 17.Nxc6 bxc6 18.Bc4 Rb8 19.c3 O-O 20.g5 Bh3 21.Rgg1 Rfd8 22.Qc2 Rxd1+
23.Rxd1 hxg5 24.hxg5 Bf5 25.Qa4 Qb7 26.Qa5 Qc7 27.Qc5 a5 28.Qa7 Qxa7 29.Bxa7 Ra8
30.Be3 g6 31.a4 Kg7 32.Kc2 f6 33.gxf6+ Kxf6 34.Rh1 g5 35.Be2 Bg6 36.Rh6 Kg7
37.Bxg5 e3+ 38.Bd3 Bxd3+ 39.Kxd3 exf2 40.Rh1 Bg3 41.Rf1 Rb8 42.Bc1 Kg6 43.Ke4 Re8+
44.Kf3 Re1 45.Kg2 Kf5 46.b4 Kg4 47.bxa5 Re5 48.a6 Rh5 49.Rxf2 Rh2+  0-1

[Event "ch-Moscow 2013"]
[Site "Moscow RUS"]
[Date "2013.03.30"]
[Round "8.1"]
[White "Eliseev,U"]
[Black "Gordievsky,D"]
[Result "0-1"]
[WhiteElo "2541"]
[BlackElo "2443"]

1.e4 c5 2.Nf3 d6 3.d4 cxd4 4.Nxd4 Nf6 5.Nc3 a6 6.Be3 e5 7.Nb3 Be6 8.h3 Nbd7
9.Qf3 b5 10.g4 b4 11.Nd5 Bxd5 12.exd5 g6 13.g5 Nh5 14.Qe4 f5 15.gxf6 Nhxf6
16.Qxb4 Nxd5 17.Qg4 N7f6 18.Qf3 Nxe3 19.Qc6+ Kf7 20.fxe3 Rc8 21.Qg2 Qb6 22.O-O-O Bh6
23.Kb1 Bxe3 24.Qe2 d5 25.Qxa6 Qxa6 26.Bxa6 Rc7 27.c3 g5 28.Nc1 Ke6 29.Nd3 e4
30.Rhe1 Bb6 31.Nb4 Rd8 32.Bb5 h5 33.c4 d4 34.Na6 Rcc8 35.b4 Ke5 36.a4 g4
37.c5 Ba7 38.hxg4 hxg4 39.Bd3 g3 40.Re2 Rg8 41.Rg1 Kd5 42.Bc2 d3 43.Rd2 Kd4
44.Kc1 Rg7 45.Bb1 Nd5 46.Rb2 Nf4 47.Kd1 e3 48.b5 Bxc5 49.b6 Kc3 50.Nxc5 Kxb2
51.b7 Rxb7  0-1

[Event "VII New Open"]
[Site "Lugano SUI"]
[Date "2013.04.01"]
[Round "6.9"]
[White "De Rosa,M"]
[Black "Moroni,L"]
[Result "1-0"]
[WhiteElo "2063"]
[BlackElo "2170"]

1.e4 c5 2.Nf3 d6 3.d4 Nf6 4.Nc3 cxd4 5.Nxd4 a6 6.Be3 e6 7.g4 Be7 8.g5 Nfd7
9.h4 b5 10.a3 Bb7 11.Bh3 Nf8 12.f4 g6 13.Qf3 Nbd7 14.Rf1 Nc5 15.f5 exf5 16.Nxf5 gxf5
17.Qxf5 f6 18.gxf6 Ng6 19.f7+  1-0

[Event "Asian Juniors 2013"]
[Site "Sharjah UAE"]
[Date "2013.04.01"]
[Round "3.4"]
[White "El Jawich,A"]
[Black "Debashis,D"]
[Result "0-1"]
[WhiteElo "2190"]
[BlackElo "2477"]

1.e4 c5 2.Nf3 d6 3.d4 cxd4 4.Nxd4 Nf6 5.Nc3 a6 6.Be3 e5 7.Nb3 Be6 8.f3 Be7
9.Qd2 O-O 10.O-O-O Nbd7 11.g4 b5 12.Nd5 Bxd5 13.exd5 Nb6 14.Bxb6 Qxb6 15.Na5 Nxd5
16.Qxd5 Qxa5 17.Bc4 Qb6 18.Bb3 a5 19.Qe4 Rac8 20.h4 a4 21.Bd5 a3 22.g5 axb2+
23.Kb1 Kh8 24.f4 f5 25.gxf6 Bxf6 26.f5 Rc3 27.Rd3 Rxd3 28.Qxd3 h6 29.h5 Rc8
30.Rd1 Qf2 31.Be6 Rd8 32.Bd5 Qf4 33.Rf1 Qg4 34.Qxb5 e4 35.Qa4 Qh3 36.Qc4 e3
37.Qe2 Re8 38.Be6 d5 39.Bxd5 Rd8 40.Rd1 Qg3 41.Bf3 Re8 42.a4 Qf4 43.Bc6 Rc8
44.Bb5 Rc3 45.Rd3 Rxd3 46.Qxd3 e2  0-1

[Event "1st Hofheim Open"]
[Site "Hofheim GER"]
[Date "2013.04.02"]
[Round "1.21"]
[White "Karabalis,H"]
[Black "Muhic,S"]
[Result "1-0"]
[WhiteElo "2249"]
[BlackElo "2011"]

1.e4 c5 2.Nf3 d6 3.d4 cxd4 4.Nxd4 Nf6 5.Nc3 a6 6.Be3 b5 7.f3 Bb7 8.a4 b4
9.Na2 a5 10.Bb5+ Nfd7 11.c3 bxc3 12.Nxc3 e6 13.Qb3 Be7 14.Nxe6 fxe6 15.Qxe6 Kf8
16.Nd5 Bc8 17.Nxe7 Qxe7 18.Qd5 Ra6 19.Rc1 Nc5 20.Rxc5 Be6 21.Qh5 Ra8 22.Rc7 Nd7
23.O-O Qd8 24.Rfc1 Nf6 25.Qg5 Ne8 26.Qf4+ Qf6 27.Bxe8 Rxe8 28.Qxf6+ gxf6
29.Bh6+ Kg8 30.Rg7+ Kf8 31.Rcc7  1-0

[Event "1st Hofheim Open"]
[Site "Hofheim GER"]
[Date "2013.04.05"]
[Round "5.3"]
[White "Klundt,K"]
[Black "Petkov,V"]
[Result "0-1"]
[WhiteElo "2351"]
[BlackElo "2566"]

1.e4 c5 2.Nf3 d6 3.d4 cxd4 4.Nxd4 Nf6 5.Nc3 a6 6.Be3 e5 7.Nb3 Be7 8.Qd2 O-O
9.f4 b5 10.O-O-O Bb7 11.Be2 Nbd7 12.Bf3 b4 13.Nd5 Nxd5 14.exd5 a5 15.fxe5 Nxe5
16.Be2 a4 17.Nd4 b3 18.axb3 axb3 19.Nxb3 Ra2 20.c3 Qa8 21.Kc2 Rb8 22.Qd4 Bc8  0-1

[Event "TCh-CAT Div Hon 2013"]
[Site "Catalonia ESP"]
[Date "2013.04.06"]
[Round "10.8"]
[White "Heredia Tarrats,A"]
[Black "Colon Garcia,E"]
[Result "1/2-1/2"]
[WhiteElo "2129"]
[BlackElo "2337"]

1.e4 c5 2.Nf3 d6 3.d4 cxd4 4.Nxd4 Nf6 5.Nc3 a6 6.Be3 e6 7.g4 e5 8.Nf5 h5
9.g5 Nxe4 10.Nxg7+ Bxg7 11.Nxe4 d5 12.Ng3 d4 13.Bd2 Qd5 14.c4 Qc6 15.Bd3 Bg4
16.Qc2 Bf3 17.Be4 Bxe4 18.Qxe4 h4 19.Qxc6+ Nxc6 20.Ne4 O-O-O 21.b4 d3 22.O-O Nd4
23.Kh1 Nf3 24.Be3 h3 25.Bb6 Rd7 26.Be3 Rh4 27.Nd2 Nxd2 28.Bxd2 Rxc4 29.Rfe1 e4
30.Rad1 b5 31.Re3 Bd4 32.Rxe4 Bxf2 33.Re8+ Kb7 34.Rh8 Rc2 35.Rxh3 Rxa2 36.Rf3 Bb6
37.h4 Rc2 38.h5 Rc4 39.Rh3 Rdd4 40.h6 Rh4 41.Kg2 Rcg4+ 42.Rg3 Bd4 43.Rxg4 Rxg4+
44.Kf3 Rh4 45.Bf4 Kc6 46.Kg3 Bf2+ 47.Kxf2 Rxf4+ 48.Kg3 Rd4 49.h7 Rd8 50.Kf4 Rh8
51.Rh1 Kd5 52.Kf5 d2 53.Rd1 Rxh7 54.Rxd2+ Kc4 55.Rd6 Kxb4 56.Rxa6 Rh1 57.Rf6 Rf1+
58.Ke5 Rg1 59.Kf5 Rf1+ 60.Ke5 Re1+ 61.Kd6 Rg1 62.Rf5 Kc4 63.Rc5+ Kb4 64.Kc6 Rg2
65.Rxb5+ Kc4 66.Rd5 Ra2 67.Rf5 Kd4 68.Rxf7 Rg2 69.Rf5 Ke4  1/2-1/2

[Event "Open Golden Island Krk"]
[Site "Malinska CRO"]
[Date "2013.04.06"]
[Round "1.7"]
[White "Klein,Gern"]
[Black "Djurovic,G"]
[Result "0-1"]
[WhiteElo "1916"]
[BlackElo "2391"]

1.e4 c5 2.Nf3 d6 3.d4 cxd4 4.Nxd4 Nf6 5.Nc3 a6 6.Be3 e5 7.Nf3 Be7 8.Bc4 O-O
9.O-O Be6 10.Bxe6 fxe6 11.Ng5 Qd7 12.Qf3 h6 13.Nh3 Qe8 14.Qe2 Qc6 15.Bd2 b5
16.a3 Qc4 17.Qxc4 bxc4 18.b3 cxb3 19.cxb3 Nc6 20.Rab1 d5 21.exd5 exd5 22.b4 d4
23.Na4 g5 24.f3 e4 25.fxe4 Nxe4 26.Rxf8+ Bxf8 27.Be1 Ne5 28.Nf2 Nd6 29.Rd1 Nb5
30.Nc5 a5 31.Nfe4 a4 32.Bf2 d3 33.Bg3 Nc4 34.Rxd3 Bg7 35.Ne6 Bb2 36.N4c5 Nbxa3
37.Rd8+ Rxd8 38.Nxd8 Nb6 39.Bc7 Nac4 40.Nc6 a3 41.Nb3 Nd5  0-1

[Event "TCh-CZE Div1 Vychod 2012-13"]
[Site "Czech Republic CZE"]
[Date "2013.04.07"]
[Round "10.5"]
[White "Rabatin,J"]
[Black "Mrazek,L"]
[Result "1/2-1/2"]
[WhiteElo "2209"]
[BlackElo "2201"]

1.e4 c5 2.Nf3 d6 3.d4 cxd4 4.Nxd4 Nf6 5.Nc3 a6 6.Be3 Ng4 7.Bg5 h6 8.Bh4 g5
9.Bg3 Bg7 10.Qd2 Nc6 11.Nb3 Be6 12.f3 Nge5 13.Nd5 b5 14.Bf2 Rb8 15.Nd4 Na5
16.b3 Nac6 17.a4 O-O 18.Be2 Bxd5 19.exd5 Nxd4 20.Bxd4 Qc7 21.axb5 axb5 22.O-O Rfc8
23.Rac1 Ng6 24.Be3 Bc3 25.Qd3 Ne5 26.Qe4 Qd7 27.Bd3 Nxd3 28.Qxd3 Bf6 29.c4 bxc4
30.bxc4 Qa4 31.f4 Rb3 32.Qf5 Rxc4 33.Rxc4 Qxc4 34.fxg5 Rxe3 35.gxf6 Qd4 36.Kh1 Qxf6
37.Qxf6 exf6 38.Kg1 Kg7 39.Rd1 f5 40.Kf2 Ra3 41.Rd4 Kf6 42.h3 Ra8 43.Rh4 Kg5
44.g3 Ra2+ 45.Kf3 Ra3+ 46.Kf2 Rd3 47.Ra4 Rxd5 48.Ra7 Kf6 49.Kf3 Rb5 50.Kf4 Rb4+
51.Kf3 Rb8 52.Kf4 Rb1 53.Kf3 Rf1+ 54.Kg2 Re1 55.Ra8 Re6 56.Ra5 Re8 57.Kf3 Ke6
58.Ra7 Rd8 59.Ra6 h5 60.Kf4 Rb8 61.Ra4 f6 62.Ra1 Rb4+ 63.Kf3 f4 64.gxf4 Rb3+
65.Kg2 h4 66.Rd1 Rg3+ 67.Kh2 d5 68.Rd4 f5 69.Ra4 Kd6 70.Ra6+ Kc5 71.Rh6 d4
72.Rxh4 d3 73.Kxg3 d2 74.Rh5 d1=Q 75.Rxf5+ Kd6 76.Re5 Qg1+ 77.Kf3 Qh2 78.Rh5 Ke6
79.Rh6+ Kf5 80.Rh5+ Kg6 81.Rg5+ Kf6 82.Rg3 Qh1+ 83.Ke3 Qf1 84.f5 Qe1+ 85.Kf3 Kxf5
86.Kg2 Qe2+ 87.Kg1 Kf4 88.Rg4+ Kf3 89.Kh1 Qe1+ 90.Kh2 Qe5+ 91.Kg1 Qc5+ 92.Kh2 Qd5
93.Kg1 Qc6 94.Kh2 Qc2+ 95.Kh1 Qf2 96.Rg8 Qf1+ 97.Kh2 Qe2+ 98.Kg1 Qd1+ 99.Kh2 Qd6+
100.Kh1 Qe6 101.Rg4 Qd6 102.Kg1 Qd2 103.Kh1 Qf2 104.Rg8 Qf1+ 105.Kh2 Qe2+
106.Kh1 Qd1+ 107.Rg1 Qd5 108.Rg4 Kf2+ 109.Kh2 Qf3 110.Rg1  1/2-1/2

[Event "TCh-NOR Eliteserien 2012-13"]
[Site "Haraldsheim NOR"]
[Date "2013.04.07"]
[Round "9"]
[White "Moen,A"]
[Black "Diesen,B"]
[Result "0-1"]
[WhiteElo "2390"]
[BlackElo "2156"]

1.e4 c5 2.Nf3 d6 3.d4 cxd4 4.Nxd4 Nf6 5.Nc3 a6 6.Be3 e5 7.Nb3 Be7 8.f3 Be6
9.Qd2 O-O 10.O-O-O Nbd7 11.g4 b5 12.g5 Ne8 13.Nd5 Bxd5 14.exd5 f5 15.gxf6 Bxf6
16.Rg1 Qc7 17.Kb1 Nb6 18.Bxb6 Qxb6 19.Bd3 Ra7 20.Qe2 g6 21.Rg4 Bg7 22.a4 Nf6
23.Rb4 Kh8 24.c4 Nh5 25.cxb5 Nf4 26.a5 Qb7 27.Qf1 axb5 28.Rxb5 Qe7 29.Be4 Qh4
30.Qg1 Raf7 31.Rb6 Nh3 32.Qg3 Qh6 33.Rxd6 Ng5 34.Rb6 Nxf3 35.d6 Qe3 36.Bd5 Qe2
37.Rc1 Qd3+ 38.Ka2 Qxd5 39.a6 Rf4 40.Ka3 Nd4 41.Rc5 Qe4 42.d7 Nc2+ 43.Ka2 Rf1
44.Ra5 Qc4 45.Qc3 Ra1+  0-1

[Event "15th Dubai Open 2013"]
[Site "Dubai UAE"]
[Date "2013.04.10"]
[Round "4.12"]
[White "Debashis,D"]
[Black "Kuzubov,Y"]
[Result "1/2-1/2"]
[WhiteElo "2477"]
[BlackElo "2619"]

1.e4 c5 2.Nf3 d6 3.d4 cxd4 4.Nxd4 Nf6 5.Nc3 a6 6.Be3 e5 7.Nb3 Be6 8.f3 h5
9.Qd2 Nbd7 10.Nd5 Bxd5 11.exd5 Qc7 12.c4 b6 13.Be2 g6 14.O-O Bg7 15.Rac1 O-O
16.Na1 a5 17.Nc2 Nc5 18.Na3 Qd7 19.Nb5 h4 20.Rce1 Nh5 21.Bd1 f5 22.b3 Nf4
23.Bc2 h3 24.Bxf4 exf4 25.Qxf4 hxg2 26.Rf2 Rae8 27.Rxe8 Rxe8 28.Qg5 Re1+
29.Kxg2 Kf7 30.Rf1 Re2+ 31.Rf2 Re1 32.Rf1 Re2+ 33.Rf2 Re1 34.Rf1  1/2-1/2

[Event "15th Dubai Open 2013"]
[Site "Dubai UAE"]
[Date "2013.04.10"]
[Round "4.10"]
[White "Darini,P"]
[Black "Istratescu,A"]
[Result "1/2-1/2"]
[WhiteElo "2505"]
[BlackElo "2648"]

1.e4 c5 2.Nf3 d6 3.d4 cxd4 4.Nxd4 Nf6 5.Nc3 a6 6.Be3 e6 7.Be2 Qc7 8.a4 b6
9.f4 Nbd7 10.Bf3 Bb7 11.Qe2 e5 12.Nf5 g6 13.fxe5 Nxe5 14.Bg5 Qd8 15.O-O-O h6
16.Bh4 Rc8 17.Rd4 gxf5 18.exf5 Bxf3 19.gxf3 Be7 20.f4 Ned7 21.Ne4 Kf8 22.Nxd6 Rc6
23.Nb7 Qc7 24.Rhd1 Nb8 25.Nd8 Rc5 26.Nxf7 Rxc2+ 27.Qxc2 Qxc2+ 28.Kxc2 Kxf7
29.Rc4 Nfd7 30.Bxe7  1/2-1/2

[Event "15th Dubai Open 2013"]
[Site "Dubai UAE"]
[Date "2013.04.11"]
[Round "5.30"]
[White "Makropoulou,M"]
[Black "Carlsson,P"]
[Result "0-1"]
[WhiteElo "2227"]
[BlackElo "2520"]

1.e4 c5 2.Nf3 d6 3.d4 cxd4 4.Nxd4 Nf6 5.Nc3 a6 6.Be3 e5 7.Nb3 Be6 8.Qd2 Be7
9.O-O-O O-O 10.f4 b5 11.Kb1 exf4 12.Bxf4 Nc6 13.Nd4 Nxd4 14.Qxd4 b4 15.Nd5 Nxd5
16.exd5 Bg4 17.Bh6 gxh6 18.Qxg4+ Kh8 19.Bd3 f5 20.Bxf5 Bf6 21.Bd3 a5 22.Rhe1 Ra7
23.Re6 Rg7 24.Qe4 Be5 25.Rxh6 Qc7 26.Rh4 Rff7 27.g3 Qd8 28.Rh5 Re7 29.Qf3 a4
30.Rf1 Re8 31.Rf5 Reg8 32.Qe4 Qe7 33.Qxb4 Qa7 34.Qe4 Qb8 35.Rxe5 a3 36.b3 dxe5
37.Re1 Re8 38.c3 Qc7 39.Kc2 Rf7 40.Re2 Qc5 41.Qb4 Qxd5 42.Bc4 Qf3 43.Qxa3 Rd7
44.Qc5 Qf5+ 45.Kb2 Rd1 46.Qc6 Rb1+ 47.Ka3 Qf8+ 48.Ka4 Rc8 49.Qe6  0-1

[Event "15th Dubai Open 2013"]
[Site "Dubai UAE"]
[Date "2013.04.11"]
[Round "5.36"]
[White "Karthikeyan,M2"]
[Black "Gameel,M"]
[Result "1-0"]
[WhiteElo "2432"]
[BlackElo "2250"]

1.e4 c5 2.Nf3 d6 3.d4 cxd4 4.Nxd4 Nf6 5.Nc3 a6 6.Be3 Ng4 7.Bg5 h6 8.Bh4 g5
9.Bg3 Bg7 10.Be2 Ne5 11.O-O Nbc6 12.Nf5 Bxf5 13.exf5 Nd4 14.f4 gxf4 15.Bxf4 Nxe2+
16.Qxe2 O-O 17.Nd5 e6 18.Bxe5 Bxe5 19.f6 Kh7 20.Qe4+ Kh8 21.Qe3 Kh7 22.Ne7 Qc7
23.Qe4+ Kh8 24.Qg4 Rg8 25.Qh3 Qxc2 26.Qxh6+ Qh7 27.Qxh7+ Kxh7 28.Nxg8 Rxg8
29.Rac1 Kg6 30.Rc4 Kg5 31.Rc7 Rf8 32.Rxb7 Bxf6 33.g3 Bd4+ 34.Kg2 f5 35.h4+ Kh5
36.Kh3 Rg8 37.Re7 Be5 38.Rf3 f4 39.gxf4 Bxb2 40.Rg3  1-0

[Event "23rd ch-SLO 2013"]
[Site "Sentjur SLO"]
[Date "2013.04.12"]
[Round "8.20"]
[White "Bratkovic,Jakob"]
[Black "Krcmar,Aleksander"]
[Result "0-1"]
[WhiteElo "1949"]
[BlackElo "1590"]

1.e4 c5 2.Nf3 d6 3.d4 cxd4 4.Nxd4 Nf6 5.Nc3 a6 6.Be3 e5 7.Nb3 Be6 8.f4 exf4
9.Bxf4 Nc6 10.Qe2 Be7 11.h3 Rc8 12.O-O-O Qc7 13.Kb1 Ne5 14.Bxe5 dxe5 15.Nd5 Nxd5
16.exd5 Bf5 17.Rd2 Bb4 18.d6 Bxd6 19.a3 O-O 20.g4 Be6 21.Bg2 b5 22.Be4 Rfd8
23.Nc1 Be7 24.Rxd8+ Rxd8 25.Re1 f6 26.Bd3 Bc4 27.Qe4 Bxd3 28.Nxd3 a5 29.g5 Rd4
30.Qa8+ Qd8 31.Qc6 b4 32.Qe6+ Kh8 33.gxf6 gxf6 34.axb4 axb4 35.Rf1 Rd6 36.Qf7 Rxd3
37.cxd3 Qxd3+ 38.Ka2 b3+ 39.Qxb3 Qa6+  0-1

[Event "ch-ISR 2013"]
[Site "Acre ISR"]
[Date "2013.04.13"]
[Round "8.10"]
[White "Gruenfeld,Y"]
[Black "Gofshtein,L"]
[Result "0-1"]
[WhiteElo "2434"]
[BlackElo "2457"]

1.e4 c5 2.Nf3 d6 3.d4 cxd4 4.Nxd4 Nf6 5.Nc3 a6 6.Be3 e5 7.Nb3 Be6 8.Qd2 Nbd7
9.f3 h5 10.Be2 Rc8 11.a4 Be7 12.O-O O-O 13.a5 Qc7 14.Rfc1 d5 15.Nxd5 Bxd5
16.exd5 e4 17.Ra4 exf3 18.gxf3 b5 19.axb6 Nxb6 20.Rd4 Bd6 21.Bxa6 Rce8 22.c4 Rxe3
23.Qxe3 Bxh2+ 24.Kf1 Be5 25.d6 Bxd6 26.c5 Nbd5 27.Qd3 Bf4 28.Re1 Bg3 29.Rd1 Rd8
30.Bc4 Qc8 31.Kg1 Qh3 32.Qc2 Bf4 33.Qg2 Be3+ 34.Kf1 Qf5 35.R4d3 Bxc5 36.Re1 Bb6
37.Qd2 Qg6 38.Ke2 Rc8 39.Bxd5 Nxd5 40.Kd1 Nf4 41.Rd6 Qb1+ 42.Nc1 Ba5 43.b4 Bxb4
44.Rd8+ Kh7 45.Rxc8 Bxd2 46.Kxd2 Qb2+ 47.Kd1 Qd4+ 48.Kc2 Qf2+ 49.Kd1 Qxf3+
50.Kc2 Qf2+ 51.Kd1 Ng2 52.Re2 Qf1+ 53.Kd2 Qf4+ 54.Kd1 Qg4  0-1

[Event "15th Dubai Open 2013"]
[Site "Dubai UAE"]
[Date "2013.04.14"]
[Round "8.19"]
[White "Karthikeyan,M2"]
[Black "Parligras,M"]
[Result "1-0"]
[WhiteElo "2432"]
[BlackElo "2602"]

1.e4 c5 2.Nf3 d6 3.d4 cxd4 4.Nxd4 Nf6 5.Nc3 a6 6.Be3 e6 7.Be2 Nbd7 8.a4 b6
9.f4 Bb7 10.Bf3 Rc8 11.O-O Be7 12.e5 Bxf3 13.Qxf3 dxe5 14.Nc6 Qc7 15.Nxe7 Kxe7
16.Rae1 Rhe8 17.fxe5 Nxe5 18.Qg3 Ng6 19.Qxc7+ Rxc7 20.Bxb6 Rc4 21.a5 Nf4
22.Rf2 Rec8 23.Rd2 Kf8 24.Bd4 N6d5 25.Nxd5 Nxd5 26.c3 Rb8 27.Be5 Rbc8 28.b3 R4c6
29.c4 Ne7 30.Rd7 Ke8 31.Ra7 f6 32.Bd4 Rd8 33.Bb6 Rd3 34.b4 Rxc4 35.Bc5 Rd7
36.Rxa6 e5 37.Ra8+ Kf7 38.a6 Nc6 39.Rc8 Na7 40.Rb8 Nc6 41.Rb6 Rc7 42.Ra1 Kg6
43.Rxc6 Rxc6 44.a7 Rc8 45.a8=Q Rxa8 46.Rxa8 f5 47.Ra1 f4 48.Rb1 Kf5 49.Ba7 Rc7
50.Bb6 Rb7 51.Bc5 Ke6 52.Ra1 g5 53.Ra7 Rb8 54.Rxh7 e4 55.Re7+ Kf5 56.h4 e3
57.hxg5 Kxg5 58.g3 fxg3 59.Rxe3 Ra8 60.Rxg3+ Kf4 61.Re3 Ra2 62.Kf1 Rb2 63.Re2 Rb1+
64.Kf2 Rb3 65.Ke1  1-0

[Event "4th LUCOPEN 2013"]
[Site "Lille FRA"]
[Date "2013.04.17"]
[Round "7.3"]
[White "Schoorl,R"]
[Black "Zhigalko,A"]
[Result "0-1"]
[WhiteElo "2326"]
[BlackElo "2590"]

1.e4 c5 2.Nf3 d6 3.d4 cxd4 4.Nxd4 Nf6 5.Nc3 a6 6.Be3 e6 7.f3 b5 8.Qd2 Nbd7
9.g4 b4 10.Nce2 h6 11.O-O-O Qc7 12.Kb1 d5 13.exd5 Nxd5 14.Nf4 N7b6 15.Bd3 Bc5
16.Nxd5 Nxd5 17.Be4 Bb7 18.Bxd5 Bxd5 19.Nb3 Be7 20.Qf2 a5 21.Bb6 Qc6 22.Bxa5 Qb5
23.Bb6 O-O 24.Bc5 Bxb3 25.Bxe7 Bxa2+ 26.Kc1 Rfc8 27.Rd4 Bb3 28.Rxb4 Qd3  0-1

[Event "ch-ESP University 2013"]
[Site "Badajoz ESP"]
[Date "2013.04.18"]
[Round "6.9"]
[White "Senlle Caride,M"]
[Black "Alshameary Puente,I"]
[Result "0-1"]
[WhiteElo "2289"]
[BlackElo "2110"]

1.e4 c5 2.Nf3 d6 3.d4 cxd4 4.Nxd4 Nf6 5.Nc3 a6 6.Be3 e5 7.Nb3 Be7 8.Be2 Be6
9.O-O Nbd7 10.f3 b5 11.Qe1 Qc7 12.Qf2 O-O 13.a3 d5 14.exd5 Nxd5 15.Nxd5 Bxd5
16.Rfd1 Be6 17.Rd2 Rac8 18.Rad1 f5 19.g3 Nf6 20.Bb6 Qc6 21.Na5 Qa8 22.Nb3 f4
23.gxf4 Nd5 24.Bc5 Nxf4 25.Bf1 Qb7 26.Na5 Qc7 27.Bb6 Qb8 28.Qe3 Bh3 29.Nb3 Bxf1
30.Kxf1 Ng6 31.Bc5 Qa8 32.Ke2 Bxc5 33.Nxc5 Rxc5  0-1

[Event "TCh-NED Meesterklasse 2012-13"]
[Site "Netherland NED"]
[Date "2013.04.20"]
[Round "9.3"]
[White "Berelowitsch,A"]
[Black "Kleijn,C"]
[Result "1/2-1/2"]
[WhiteElo "2565"]
[BlackElo "2418"]

1.e4 c5 2.Nf3 d6 3.d4 cxd4 4.Nxd4 Nf6 5.Nc3 a6 6.Be3 e5 7.Nf3 Be7 8.Bc4 O-O
9.O-O Nc6 10.Re1 Be6 11.Nd5 Rc8 12.c3 Nd4 13.cxd4 Rxc4 14.b3 Rc8 15.dxe5 dxe5
16.Bb6 Qd6 17.Nxe7+ Qxe7 18.Nxe5 Bxb3 19.Qxb3 Qxe5 20.Rad1 Ng4 21.Qg3 Qxg3
22.hxg3 Rc2 23.a4 Ne5 24.a5 Rfc8 25.Rd5 f6 26.Red1 Kf7 27.Bd4 Nc6 28.Rd7+ Kg6
29.Be3 Rb2 30.f4 h5 31.R1d6 Re2 32.f5+ Kh7 33.Bf4 Rxe4 34.Rxf6 Rd8 35.Rxb7 Rd1+
36.Kf2 Nd4 37.Rh6+ Kg8 38.Rb8+ Kf7 39.Rb7+ Kg8 40.Rb8+ Kf7 41.Rb7+  1/2-1/2

[Event "TCh-NED Meesterklasse 2012-13"]
[Site "Netherland NED"]
[Date "2013.04.20"]
[Round "9.2"]
[White "Pruijssers,R"]
[Black "Nabuurs,M"]
[Result "1-0"]
[WhiteElo "2514"]
[BlackElo "2248"]

1.e4 c5 2.Nf3 d6 3.d4 cxd4 4.Nxd4 Nf6 5.Nc3 a6 6.Be3 e5 7.Nb3 Be7 8.Qd2 Be6
9.O-O-O O-O 10.f4 Qc7 11.f5 Bc4 12.g4 Nxg4 13.Rg1 Nxe3 14.Qxe3 Nd7 15.Bxc4 Qxc4
16.Nd5 Bf6 17.Nxf6+ Nxf6 18.Rxg7+ Kh8 19.Qh6 Rg8 20.Rdg1 Rxg7 21.Qxg7+  1-0

[Event "TCh-CZE Div1 Zapad 2012-13"]
[Site "Czech Republic CZE"]
[Date "2013.04.21"]
[Round "11.7"]
[White "Kratochvil,Ja"]
[Black "Kohout,V"]
[Result "1/2-1/2"]
[WhiteElo "2140"]
[BlackElo "2144"]

1.e4 c5 2.Nf3 d6 3.d4 cxd4 4.Nxd4 Nf6 5.Nc3 a6 6.Be3 e6 7.f3 Qc7 8.Qd2 b5
9.O-O-O Bb7 10.g4 Nc6 11.Qf2 Rc8 12.Nxc6 Qxc6 13.Bd3 b4 14.Ne2 Qa4 15.Kb1 Be7
16.Nd4 Nd7 17.Nb3 Ne5 18.Bd4 O-O 19.h4 Nxd3 20.Rxd3 Qb5 21.Rd2 a5 22.Be3 a4
23.Nd4 Qc4 24.Qe2 Ba6 25.g5 a3 26.Qxc4 Rxc4 27.Rf2 axb2 28.Kxb2 Rfc8 29.Rd1 Bb7
30.Nb3 Ra8 31.Rd4 d5 32.Rxc4 dxc4 33.Nd4 e5 34.Nf5 Bf8 35.Kb1 Rd8 36.Rd2 Rxd2
37.Bxd2 c3 38.Be1 f6 39.a3 Ba6 40.gxf6 gxf6 41.axb4 Bxb4 42.Ne3 Be2 43.Nd5 Ba5
44.Nxf6+ Kg7 45.Nd5 Bxf3 46.Bg3 Bxe4 47.Bxe5+ Kg6 48.Nxc3 Bf3 49.Nb5 Be1  1/2-1/2